| 000 -LEADER |
| fixed length control field |
01461pab a2200169 454500 |
| 008 - FIXED-LENGTH DATA ELEMENTS--GENERAL INFORMATION |
| fixed length control field |
180718b2002 xxu||||| |||| 00| 0 eng d |
| 100 ## - MAIN ENTRY--PERSONAL NAME |
| Personal name |
Herrero, Marta |
| 245 ## - TITLE STATEMENT |
| Title |
Towards a sociology of art collections: Irish intellectuals, modernity and the making of a modern art collection |
| 260 ## - PUBLICATION, DISTRIBUTION, ETC. |
| Date of publication, distribution, etc. |
2002 |
| 300 ## - PHYSICAL DESCRIPTION |
| Extent |
p.57-72 |
| 362 ## - DATES OF PUBLICATION AND/OR SEQUENTIAL DESIGNATION |
| Dates of publication and/or sequential designation |
Mar |
| 520 ## - SUMMARY, ETC. |
| Summary, etc. |
This article draws on Zygmunt Bauman's concept `legislator' - the intellectual practice of modernity - to explore the relationship between Irish intellectuals and modernity. The case study selected for this purpose is the intellectual debate that took place around the making of Dublin's first modern art collection, which led to the opening of the Municipal Gallery of Modern Art in 1908. Its premise is that art collections are the outcome of intellectual practices, which legitimate and define their role. Overall, this example is used to investigate the complex ways in which Irish intellectuals sought to renegotiate Ireland's relation to modernity, a discourse that positioned it as a `peripheral' country. The article concludes by saying that the making of a modern art collection was used as a means to renegotiate a more constructive view of Ireland, and suggests `modernities' as a term that captures the various intellectual practices of modernity. - Reproduced. |
| 650 ## - SUBJECT ADDED ENTRY--TOPICAL TERM |
| Topical term or geographic name entry element |
Intelligentsia - Ireland |
| 650 ## - SUBJECT ADDED ENTRY--TOPICAL TERM |
| Topical term or geographic name entry element |
Art collections |
| 773 ## - HOST ITEM ENTRY |
| Main entry heading |
International Sociology |
| 909 ## - |
| -- |
52131 |